[Event "Stay Safe Play From Home 235"]
[Site "Emanuel Lasker Arena"]
[Date "2020.06.18"]
[Round "6"]
[White "Haris kollari 13"]
[Black "Grazie"]
[Result "1-0"]
[WhiteElo "1693"]
[BlackElo "1835"]
[Annotator "NA RC"]
[PlyCount "87"]
[EventDate "2020.06.18"]
[EventType "swiss (blitz)"]

1. e4 {[%emt 0:00:01]} e6 {[%emt 0:00:00]} 2. f4 {[%emt 0:00:01]} d5 {[%emt 0:00:00]} 3. e5 {[%emt 0:00:00]} c5 {[%emt 0:00:01]} 4. d4 {[%emt 0:00:01]} cxd4 {[%emt 0:00:01]} 5. Qxd4 {[%emt 0:00:01]} a6 {[%emt 0:00:00]} 6. c3 {[%emt 0:00:01]} Nd7 {[%emt 0:00:01]} 7. Be3 {[%emt 0:00:01]} Bc5 {[%emt 0:00:01]} 8. Qd3 {[%emt 0:00:01]} Bxe3 {[%emt 0:00:03]} 9. Qxe3 {[%emt 0:00:00]} Ne7 {[%emt 0:00:01]} 10. Nf3 {[%emt 0:00:01]} Nf5 {[%emt 0:00:01]} 11. Qf2 {[%emt 0:00:00]} Qb6 {[%emt 0:00:02]} 12. Qxb6 {[%emt 0:00:04]} Nxb6 {[%emt 0:00:02]} 13. Bd3 {[%emt 0:00:01]} Ne3 {[%emt 0:00:06]} 14. Kf2 {[%emt 0:00:03]} Nec4 {[%emt 0:00:01]} 15. b3 {[%emt 0:00:02]} Na5 {[%emt 0:00:01]} 16. Nbd2 {[%emt 0:00:02]} Nc6 {[%emt 0:00:01]} 17. Rac1 {[%emt 0:00:02]} h6 {[%emt 0:00:01]} 18. Nd4 {[%emt 0:00:01]} Bd7 {[%emt 0:00:02]} 19. N2f3 {[%emt 0:00:03]} Rc8 {[%emt 0:00:02]} 20. g4 {[%emt 0:00:01]} Nxd4 {[%emt 0:00:02]} 21. cxd4 {[%emt 0:00:01]} Ke7 {[%emt 0:00:02]} 22. h4 {[%emt 0:00:02]} Rxc1 {[%emt 0:00:03]} 23. Rxc1 {[%emt 0:00:02]} Rc8 {[%emt 0:00:00]} 24. Rxc8 {[%emt 0:00:01]} Bxc8 {[%emt 0:00:01]} 25. g5 {[%emt 0:00:00]} hxg5 {[%emt 0:00:01]} 26. hxg5 {[%emt 0:00:01]} Bd7 {[%emt 0:00:00]} 27. Nh4 {[%emt 0:00:01]} Be8 {[%emt 0:00:02]} 28. Ke3 {[%emt 0:00:01]} f6 {[%emt 0:00:01]} 29. f5 {[%emt 0:00:01]} fxg5 {[%emt 0:00:01]} 30. Ng6+ {[%emt 0:00:02]} Bxg6 {[%emt 0:00:02]} 31. fxg6 {[%emt 0:00:00]} Nd7 {[%emt 0:00:03]} 32. Kf3 {[%emt 0:00:01]} Nf8 {[%emt 0:00:03]} 33. Kg4 {[%emt 0:00:01]} b5 {[%emt 0:00:05]} 34. Kxg5 {[%emt 0:00:01]} Nd7 {[%emt 0:00:01]} 35. a4 {[%emt 0:00:01]} bxa4 {[%emt 0:00:01]} 36. bxa4 {[%emt 0:00:01]} a5 {[%emt 0:00:01]} 37. Bb5 {[%emt 0:00:01]} Nb6 {[%emt 0:00:00]} 38. Bc6 {[%emt 0:00:02]} Nc4 {[%emt 0:00:01]} 39. Kf4 {[%emt 0:00:02]} Nd2 {[%emt 0:00:01]} 40. Ke3 {[%emt 0:00:01]} Ne4 {[%emt 0:00:01]} 41. Bb5 {[%emt 0:00:01]} Ng3 {[%emt 0:00:01]} 42. Bd3 {[%emt 0:00:01]} Nf5+ {[%emt 0:00:03]} 43. Bxf5 {[%emt 0:00:01]} exf5 {[%emt 0:00:01]} 44. Kf3 {[%emt 0:00:01] Zeit (Lag: Av=0.40s, max=0.5s)} 1-0

[Event "Stay Safe Play From Home 235"]
[Site "Emanuel Lasker Arena"]
[Date "2020.06.18"]
[Round "6"]
[White "Trotsky"]
[Black "Klasman"]
[Result "1-0"]
[WhiteElo "1506"]
[BlackElo "1280"]
[Annotator "NA RC"]
[PlyCount "55"]
[EventDate "2020.06.18"]
[EventType "swiss (blitz)"]

1. d4 {[%emt 0:00:01]} f5 {[%emt 0:00:01]} 2. e3 {[%emt 0:00:00]} Nf6 {[%emt 0:00:01]} 3. c4 {[%emt 0:00:01]} e6 {[%emt 0:00:01]} 4. Nc3 {[%emt 0:00:01]} c6 {[%emt 0:00:01]} 5. Bd3 {[%emt 0:00:01]} d5 {[%emt 0:00:01]} 6. Qc2 {[%emt 0:00:01]} Bd6 {[%emt 0:00:03]} 7. Nf3 {[%emt 0:00:01]} O-O {[%emt 0:00:03]} 8. c5 {[%emt 0:00:01]} Bc7 {[%emt 0:00:02]} 9. Bd2 {[%emt 0:00:01]} Nbd7 {[%emt 0:00:02]} 10. h4 {[%emt 0:00:01]} Ne4 {[%emt 0:00:01]} 11. Nxe4 {[%emt 0:00:02]} fxe4 {[%emt 0:00:01]} 12. Bxe4 {[%emt 0:00:01]} dxe4 {[%emt 0:00:01]} 13. Qxe4 {[%emt 0:00:01]} Nf6 {[%emt 0:00:01]} 14. Qd3 {[%emt 0:00:01]} Qd5 {[%emt 0:00:04]} 15. Ng5 {[%emt 0:00:03]} Qxg2 {[%emt 0:00:04]} 16. O-O-O {[%emt 0:00:03]} h6 {[%emt 0:00:03]} 17. Rdg1 {[%emt 0:00:02]} Qxh1 {[%emt 0:00:02]} 18. Rxh1 {[%emt 0:00:05]} hxg5 {[%emt 0:00:02]} 19. hxg5 {[%emt 0:00:01]} Ne8 {[%emt 0:00:10]} 20. Qh7+ {[%emt 0:00:03]} Kf7 {[%emt 0:00:01]} 21. g6+ {[%emt 0:00:03]} Ke7 {[%emt 0:00:03]} 22. Qh4+ {[%emt 0:00:02]} Kd7 {[%emt 0:00:01]} 23. Qg4 {[%emt 0:00:03]} Bd8 {[%emt 0:00:03]} 24. e4 {[%emt 0:00:04]} Bf6 {[%emt 0:00:03]} 25. e5 {[%emt 0:00:02]} Be7 {[%emt 0:00:02]} 26. d5 {[%emt 0:00:01]} cxd5 {[%emt 0:00:02]} 27. Bg5 {[%emt 0:00:03]} Bxc5 {[%emt 0:00:02]} 28. Rd1 {[%emt 0:00:03] Time (Lag: Av=0.37s, max=0.5s) '} 1-0

[Event "Stay Safe Play From Home 235"]
[Site "Emanuel Lasker Arena"]
[Date "2020.06.18"]
[Round "7"]
[White "BrainThinker22"]
[Black "Position"]
[Result "0-1"]
[WhiteElo "2253"]
[BlackElo "2064"]
[Annotator "NA RC"]
[PlyCount "68"]
[EventDate "2020.06.18"]
[EventType "swiss (blitz)"]

1. e4 {[%emt 0:00:01]} c6 {[%emt 0:00:01]} 2. d4 {[%emt 0:00:01]} d6 {[%emt 0:00:00]} 3. Nc3 {[%emt 0:00:01]} g6 {[%emt 0:00:00]} 4. g3 {[%emt 0:00:00]} Bg7 {[%emt 0:00:00]} 5. Bg2 {[%emt 0:00:00]} Nf6 {[%emt 0:00:00]} 6. h3 {[%emt 0:00:02]} O-O {[%emt 0:00:00]} 7. Be3 {[%emt 0:00:00]} Qc7 {[%emt 0:00:01]} 8. Qd2 {[%emt 0:00:00]} Nbd7 {[%emt 0:00:01]} 9. Nge2 {[%emt 0:00:00]} Re8 {[%emt 0:00:01]} 10. O-O {[%emt 0:00:01]} e5 {[%emt 0:00:01]} 11. f4 {[%emt 0:00:01]} exd4 {[%emt 0:00:01]} 12. Nxd4 {[%emt 0:00:00]} d5 {[%emt 0:00:01]} 13. e5 {[%emt 0:00:01]} Nh5 {[%emt 0:00:03]} 14. g4 {[%emt 0:00:01]} Ng3 {[%emt 0:00:01]} 15. Rf3 {[%emt 0:00:01]} Ne4 {[%emt 0:00:01]} 16. Nxe4 {[%emt 0:00:00]} dxe4 {[%emt 0:00:00]} 17. Rf2 {[%emt 0:00:01]} Nc5 {[%emt 0:00:01]} 18. Nb3 {[%emt 0:00:02]} Nxb3 {[%emt 0:00:01]} 19. axb3 {[%emt 0:00:00]} Be6 {[%emt 0:00:02]} 20. Bxe4 {[%emt 0:00:02]} a6 {[%emt 0:00:01]} 21. Re1 {[%emt 0:00:06]} Rad8 {[%emt 0:00:02]} 22. Qe2 {[%emt 0:00:03]} Bd5 {[%emt 0:00:01]} 23. Bxd5 {[%emt 0:00:01]} Rxd5 {[%emt 0:00:00]} 24. Qf3 {[%emt 0:00:01]} Red8 {[%emt 0:00:01]} 25. h4 {[%emt 0:00:03]} Qe7 {[%emt 0:00:02]} 26. Qg3 {[%emt 0:00:02]} Qd7 {[%emt 0:00:03]} 27. h5 {[%emt 0:00:01]} Rd1 {[%emt 0:00:02]} 28. Rxd1 {[%emt 0:00:01]} Qxd1+ {[%emt 0:00:00]} 29. Kh2 {[%emt 0:00:00]} Qe1 {[%emt 0:00:02]} 30. hxg6 {[%emt 0:00:03]} hxg6 {[%emt 0:00:01]} 31. Rg2 {[%emt 0:00:02]} Qb1 {[%emt 0:00:02]} 32. Rf2 {[%emt 0:00:06]} Rd1 {[%emt 0:00:02]} 33. Re2 {[%emt 0:00:10]} Rh1+ {[%emt 0:00:02]} 34. Kg2 {[%emt 0:00:01]} Qf1# {[%emt 0:00:01] (Lag: Av=0.64s, max=0.9s)} 0-1

[Event "Stay Safe Play From Home 235"]
[Site "Emanuel Lasker Arena"]
[Date "2020.06.18"]
[Round "7"]
[White "Lamborghini"]
[Black "SoulofWolf"]
[Result "1-0"]
[WhiteElo "2227"]
[BlackElo "2189"]
[Annotator "TA"]
[PlyCount "51"]
[EventDate "2020.06.18"]
[EventType "swiss (blitz)"]

{[%evp 14,50,-25,-21,-22,-22,-30,-16,41,44,47,49,60,56,95,-18,160,159,149,141,166,163,708,687,723,718,804,793,1512,1456,1749,1688,2347,1935,29997,29989,29997,29998,29999]} 1. e4 Nc6 2. Nf3 e6 3. d4 d5 4. Nc3 Bb4 5. Bd3 Nf6 6. e5 Ne4 7. O-O Nxc3 8. bxc3 Bxc3 {[%mdl 64] Double Attack. C10: French with 3 Nc3: Unusual Black 3rd moves and 3...dxe4.} 9. Rb1 $1 h6 {9...h6 is better than 9...Bb4.} 10. Be3 {[#]} g5 $146 (10... Ba5 $11) ({Predecessor:} 10... Ne7 11. Rb3 Ba5 12. Bc1 Bd7 13. Ba3 Ba4 14. Rb2 Bb6 15. Qd2 a6 16. Bc5 Bb5 {½-½ (16) Svidler,P (2746)-Ponomariov,R (2719) Dagomys 2008}) 11. Rb3 Ba5 12. c4 dxc4 13. Bxc4 Bb6 {[#]} 14. Rd3 ({Better is} 14. Nd2 $1 $16) 14... Nb4 $2 (14... Na5 $11) 15. Qa4+ $16 {[%mdl 64] Double Attack} Nc6 16. d5 $36 {[%mdl 2048] Black is under strong pressure.} exd5 17. Bxd5 ({But not} 17. Rxd5 $6 Qe7 $14) 17... Bd7 $2 {[#]} (17... Kf8) 18. e6 $1 $18 {[%mdl 512]} fxe6 (18... Bxe6 19. Bxc6+) 19. Bxc6 bxc6 20. Ne5 Rh7 21. Qe4 {Threatening mate with Qg6+.} Rg7 22. Rfd1 Qc8 23. Nxd7 Bxe3 24. Qxe3 {White mates.} a5 25. Qxe6+ {[%mdl 64] Double Attack} Re7 26. Qg8# {Accuracy: White = 87%, Black = 23%.} 1-0

[Event "Stay Safe Play From Home 235"]
[Site "Emanuel Lasker Arena"]
[Date "2020.06.18"]
[Round "7"]
[White "Weltszmerc"]
[Black "Haris kollari 13"]
[Result "1-0"]
[WhiteElo "2169"]
[BlackElo "1717"]
[Annotator "NA RC"]
[PlyCount "77"]
[EventDate "2020.06.18"]
[EventType "swiss (blitz)"]

1. d4 {[%emt 0:00:01]} e6 {[%emt 0:00:00]} 2. c4 {[%emt 0:00:02]} d5 {[%emt 0:00:00]} 3. Nf3 {[%emt 0:00:01]} c6 {[%emt 0:00:01]} 4. g3 {[%emt 0:00:00]} f5 {[%emt 0:00:01]} 5. Bg2 {[%emt 0:00:00]} Nf6 {[%emt 0:00:01]} 6. O-O {[%emt 0:00:00]} Bd6 {[%emt 0:00:01]} 7. Nfd2 {[%emt 0:00:00]} h6 {[%emt 0:00:01]} 8. Nc3 {[%emt 0:00:00]} O-O {[%emt 0:00:03]} 9. b3 {[%emt 0:00:00]} g5 {[%emt 0:00:01]} 10. Bb2 {[%emt 0:00:00]} g4 {[%emt 0:00:01]} 11. e3 {[%emt 0:00:00]} h5 {[%emt 0:00:01]} 12. f4 {[%emt 0:00:01]} Ne4 {[%emt 0:00:01]} 13. Ndxe4 {[%emt 0:00:01]} dxe4 {[%emt 0:00:01]} 14. Kf2 {[%emt 0:00:00]} Kg7 {[%emt 0:00:01]} 15. Ke2 {[%emt 0:00:00]} Kg6 {[%emt 0:00:01]} 16. Kd2 {[%emt 0:00:02]} Nd7 {[%emt 0:00:02]} 17. Kc2 {[%emt 0:00:00]} Bc7 {[%emt 0:00:01]} 18. Qd2 {[%emt 0:00:02]} a6 {[%emt 0:00:01]} 19. Rad1 {[%emt 0:00:02]} Nf6 {[%emt 0:00:02]} 20. Kb1 {[%emt 0:00:00]} b5 {[%emt 0:00:01]} 21. d5 {[%emt 0:00:01]} bxc4 {[%emt 0:00:04]} 22. dxc6 {[%emt 0:00:00]} cxb3 {[%emt 0:00:02]} 23. axb3 {[%emt 0:00:02]} a5 {[%emt 0:00:04]} 24. Qd4 {[%emt 0:00:02]} Qxd4 {[%emt 0:00:02]} 25. Rxd4 {[%emt 0:00:01]} Bb6 {[%emt 0:00:01]} 26. Nb5 {[%emt 0:00:03]} Bxd4 {[%emt 0:00:02]} 27. Bxd4 {[%emt 0:00:00]} Nd5 {[%emt 0:00:01]} 28. Rc1 {[%emt 0:00:04]} Ba6 {[%emt 0:00:01]} 29. Nd6 {[%emt 0:00:02]} Bd3+ {[%emt 0:00:02]} 30. Kb2 {[%emt 0:00:01]} a4 {[%emt 0:00:01]} 31. c7 {[%emt 0:00:03]} a3+ {[%emt 0:00:06]} 32. Ka1 {[%emt 0:00:02]} Ne7 {[%emt 0:00:02]} 33. Bf1 {[%emt 0:00:06]} Bxf1 {[%emt 0:00:03]} 34. Rxf1 {[%emt 0:00:00]} Ra6 {[%emt 0:00:01]} 35. Nc4 {[%emt 0:00:04]} Rc6 {[%emt 0:00:01]} 36. Ne5+ {[%emt 0:00:01]} Kh6 {[%emt 0:00:02]} 37. Nxc6 {[%emt 0:00:00]} Nxc6 {[%emt 0:00:00]} 38. Rc1 {[%emt 0:00:01]} Ne7 {[%emt 0:00:02]} 39. Bc5 {[%emt 0:00:01] Time (Lag: Av=0.65s, max=0.8s) '} 1-0

[Event "Stay Safe Play From Home 235"]
[Site "Emanuel Lasker Arena"]
[Date "2020.06.18"]
[Round "7"]
[White "Lazieri3"]
[Black "Trotsky"]
[Result "1-0"]
[WhiteElo "2153"]
[BlackElo "1513"]
[Annotator "TA"]
[PlyCount "59"]
[EventDate "2020.06.18"]
[EventType "swiss (blitz)"]

{[%evp 9,59,-38,-40,-56,-53,-104,-90,-92,-30,-43,-44,-59,-51,-43,-37,-44,-36,-80,-57,-57,-54,-51,-33,-37,95,95,106,103,91,85,110,108,120,106,187,0,168,118,394,285,261,272,298,314,320,299,409,414,443,446,622,597]} 1. e4 c5 2. Nc3 e6 3. d3 d5 4. Nf3 d4 5. Ne2 Nc6 6. Bg5 {C00: French: Unusual White 2nd moves.} f6 (6... Be7 {with more complications.} 7. Bd2 e5 8. c3 Nf6 9. h3 dxc3 10. Nxc3 O-O) 7. Bh4 {[#]} ({White should play} 7. Bd2 $15) 7... g5 $146 ({Predecessor:} 7... Be7 8. c3 e5 9. cxd4 cxd4 10. Nd2 Bb4 11. f4 Nge7 12. fxe5 fxe5 13. Bxe7 Qxe7 {0-1 (26) Tassinati,M (506)-Zalascek,V (1000) LSS email 2010}) 8. Bg3 {Black is better.} Bd6 (8... e5 $17) 9. Bxd6 $11 Qxd6 10. h3 h5 11. Nd2 Nh6 12. Nc4 Qc7 13. Qd2 Bd7 14. f4 O-O-O 15. fxg5 fxg5 16. Qxg5 Nf7 (16... e5 $15 {keeps the upper hand.}) 17. Qxc5 $16 b6 {[#]} 18. Qa3 $1 Kb8 19. O-O-O Rc8 20. Kb1 Ka8 21. Rc1 Rb8 (21... b5 $16 {was called for.}) 22. g3 $2 ({White should try} 22. c3 $18) 22... Rhc8 $2 (22... b5 $11 23. Nd2 b4) 23. e5 {[#] Hoping for Nd6.} Na5 $2 {[%mdl 8192] Black cannot hold the game after this.} (23... b5 $16) 24. Bg2+ Bc6 25. Bxc6+ Qxc6 26. Nxa5 bxa5 27. Nxd4 Qc7 28. Nxe6 Qc6 29. Nd4 Qc7 30. e6 {Accuracy: White = 72%, Black = 47%.} 1-0

[Event "Stay Safe Play From Home 235"]
[Site "Emanuel Lasker Arena"]
[Date "2020.06.18"]
[Round "7"]
[White "Souchov"]
[Black "Broken sword"]
[Result "0-1"]
[WhiteElo "1775"]
[BlackElo "2446"]
[Annotator "TA"]
[PlyCount "82"]
[EventDate "2020.06.18"]
[EventType "swiss (blitz)"]

{[%evp 11,81,18,36,5,42,26,33,-1,52,36,32,0,39,18,37,6,20,20,87,22,25,19,33,31,27,0,22,14,68,-131,-32,-65,-56,-125,-85,-83,-20,-212,-141,-185,-129,-140,-137,-124,-117,-103,-85,-181,-187,-391,-8,-161,1044,941,1614,787,548,-29988,-29989,-29990,-29989,-29995,0,-29990,0,-29995,-29996,-29997,-29998,-29999,-29999,-29999]} 1. e4 c5 2. Nf3 d6 3. d4 cxd4 4. Nxd4 Nf6 5. Nc3 a6 6. Bg5 Nc6 7. f3 {B60: Sicilian: Richter-Rauzer: Unusual Black 6th moves and 6...Bd7 without 7 Qd2.} Qb6 8. Nxc6 bxc6 {[#]} 9. Qd2 $146 {White is slightly better.} ({Predecessor:} 9. Rb1 Be6 10. Qd2 Qa5 11. b3 h6 12. Be3 g5 13. Na4 {1-0 (38) Tazlar,P (1872)-Rut,V (1939) Harrachov 2009}) 9... g6 ({Black should try} 9... Qxb2 $11 10. Rb1 Qa3) 10. O-O-O $14 Bg7 11. h4 h6 12. Be3 Qb7 13. g4 Rb8 {[%csl Gb8][%cal Rb7b2]} 14. b3 h5 (14... Qb4 $11 {remains equal.} 15. Nb1 Qxd2+ 16. Nxd2 h5) 15. g5 (15. e5 $1 $16 {[%cal Re5f6]} Nd5 16. Nxd5 cxd5 17. exd6) 15... Nd7 $11 16. Bd4 O-O 17. Bxg7 Kxg7 18. f4 Qb4 19. Kb2 a5 (19... Nb6 $11) 20. a4 $2 (20. a3 $14 Qc5 21. Na4) 20... Re8 (20... Nc5 $17 21. Qd4+ Qxd4 22. Rxd4 Ne6) 21. f5 Ne5 22. f6+ ({Better is} 22. Qf2 $15) 22... exf6 23. gxf6+ Kh7 (23... Kxf6 $17 24. Qxd6+ Kg7) 24. Be2 $2 (24. Qxd6 $11 {and White has nothing to worry.} Bg4 25. Qxb4 axb4 26. Ne2) 24... Be6 25. Rhg1 Bxb3 (25... Bc4 $19 {White must now prevent ...Bxe2.} 26. Na2 Qc5) 26. cxb3 $17 Qxb3+ 27. Ka1 Qa3+ 28. Na2 Rb4 {Strongly threatening ...Reb8.} 29. Qc3 (29. Rg5 $17) 29... Qxa4 $19 30. Bxh5 $2 (30. Rxd6 Rxe4 31. Bd1) 30... Re6 $2 ({But not} 30... gxh5 $2 31. Rg7+ Kh8 32. Qd2 $18) (30... Reb8 $19 31. Bxg6+ fxg6) 31. Bxg6+ $2 (31. Be2 $11) 31... Nxg6 $4 {[%mdl 8192]} (31... fxg6 $19 32. h5 g5) 32. h5 $18 Ne5 33. Rg7+ (33. Qg3 $142 Qxd1+ 34. Rxd1 Rxf6 35. Rg1 Rf1+ 36. Rxf1 Rxe4 {[#]} 37. Rxf7+ $1 {[%mdl 576] Remove Defender, Deflection, Decoy} Nxf7 38. Qg6+ {[%mdl 64] Double Attack} Kh8 39. Qxe4) 33... Kh8 34. Qe3 $4 {[%mdl 8192]} (34. Rdg1 $18 Rb8 35. Qg3) 34... Qxd1+ {[%mdl 64] [#] Double Attack} 35. Nc1 Ra4+ 36. Kb2 Rb4+ 37. Ka1 {[%cal Re3h6]} Ra4+ 38. Kb2 $1 {[%cal Re3h6]} Nc4+ {[%mdl 64] Double Attack. Black mates.} 39. Kc3 Nxe3 {[%csl Ge3][%cal Rd1c2]} 40. Nd3 Ra3+ 41. Kd4 Qxd3# {Never resign too early! Accuracy: White = 25%, Black = 30%.} 0-1

[Event "Stay Safe Play From Home 235"]
[Site "Emanuel Lasker Arena"]
[Date "2020.06.18"]
[Round "7"]
[White "NeatFox"]
[Black "Mepe_Nika"]
[Result "0-1"]
[WhiteElo "1768"]
[BlackElo "2360"]
[Annotator "TA"]
[PlyCount "84"]
[EventDate "2020.06.18"]
[EventType "swiss (blitz)"]

{[%evp 9,84,-126,-25,-23,-22,-29,-20,-24,61,-35,0,-96,-93,-69,-91,-127,-141,-472,-444,-908,-546,-666,-437,-480,-441,-561,-398,-898,-475,-443,-448,-479,-448,-652,-653,-615,-620,-1730,-558,-544,-543,-5381,-5361,-5002,-4899,-1802,-1316,-2363,-1287,-1718,-699,-669,-669,-843,-803,-1027,-1042,-1075,-1073,-1024,-941,-29985,-1000,-29984,-29985,-29984,-6434,-29989,-5747,-1963,-933,-6133,-6209,-6179,-5828,-29980,-29981]} 1. g4 d5 2. Bg2 Bxg4 3. c4 c6 4. cxd5 cxd5 5. Qb3 {[#]} Nd7 ({Black should play} 5... Nf6 $1 $17 6. Nc3 e6) 6. Bxd5 $11 {[%csl Gb3][%cal Rd5f7] A00: Irregular Openings.} e6 {[#]} 7. Bf3 $146 ({Predecessor:} 7. Bg2 Rc8 8. Nc3 b6 9. d3 Bh5 10. Bf4 Nc5 11. Qb5+ Qd7 12. Nf3 Qxb5 13. Nxb5 {0-1 (46) Papay,J (1947)-Saffova,M (1717) Teplice 2013}) 7... Rc8 8. Nc3 {The position is equal.} Bf5 (8... Ngf6 $11) 9. Qxb7 (9. d4 $14) 9... Ngf6 10. Qxa7 (10. d4 $11 {remains equal.}) 10... Bc5 $36 {[%mdl 2048] Black is really pushing.} 11. Qa4 O-O {[%mdl 1024] Black has compensation.} 12. Bg2 Ng4 13. e3 $2 {[%mdl 8192] [#] Loses the game.} (13. Nh3 $17 {is tougher.}) 13... Nde5 $19 14. d4 (14. Nf3 $142 Ra8 15. Qb3) 14... Nd3+ 15. Ke2 Ngxf2 16. Nf3 Bd6 17. Rg1 Qf6 18. e4 $2 (18. Rf1 Nxc1+ 19. Kxf2 Nd3+ {[%mdl 64] Double Attack} 20. Kg1) 18... Nxc1+ 19. Raxc1 Nxe4 20. Nxe4 Bxe4 21. Qd1 (21. Nd2 $142 Bg6 22. Rxc8 Rxc8 23. Qa6) 21... Bf4 22. Rxc8 Rxc8 23. Nd2 Bxg2 (23... Bc2 $142 24. Qe1 Qxd4) 24. Rxg2 Qxd4 25. Qb3 Qxd2+ 26. Kf3 Qc1 27. Qd3 Bh6 28. Qd4 Qc6+ 29. Kf2 Qd5 30. Qxd5 exd5 {[%mdl 4096] Endgame KRB-KR} 31. Rg3 Rc2+ 32. Kf3 Rxb2 33. Rg4 Rxa2 34. Rd4 Ra3+ 35. Kg4 Ra5 (35... g6 $142 36. Rxd5 f5+ 37. Rxf5 Ra4+ 38. Kg3 gxf5 39. h4 Ra2 40. Kf3 Kf7 41. Kg3 Ke6 42. h5 Kd5 43. Kf3 Kd4 44. Kg3 Ke4 45. Kh3 Kf4 46. Kh4 Rh2#) 36. Kf5 g6+ 37. Kg4 Bg7 (37... Ra3 $142 38. Rxd5 f5+ 39. Rxf5 Ra4+ 40. Kf3 gxf5 41. Ke2 Ra2+ 42. Kf3 Ra3+ 43. Ke2 Bg5 44. h4 Bxh4 45. Kd2 f4 46. Kc2 f3 47. Kb2 Re3 48. Kc2 f2 49. Kd2 Bg5 50. Kd1 f1=Q+ 51. Kd2 Qf2+ 52. Kd1 Re1#) 38. Kf3 h5 (38... Ra3+ $142 39. Ke2 Bxd4 40. h4 f5 41. Kd1 f4 42. h5 gxh5 43. Ke2 f3+ 44. Kd1 Rc3 45. Kd2 h4 46. Ke1 Be3 47. Kf1 Rc1#) 39. Rd3 Ra4 40. h3 d4 41. Ke2 Rc4 42. Kd1 Rc3 {Accuracy: White = 27%, Black = 43%.} 0-1

[Event "Stay Safe Play From Home 235"]
[Site "Emanuel Lasker Arena"]
[Date "2020.06.18"]
[Round "7"]
[White "Klasman"]
[Black "Little champs"]
[Result "0-1"]
[WhiteElo "1273"]
[BlackElo "2254"]
[Annotator "TA"]
[PlyCount "56"]
[EventDate "2020.06.18"]
[EventType "swiss (blitz)"]

{[%evp 9,56,-19,6,-10,-3,-11,-10,-10,-8,-1,0,0,-4,-15,-11,-17,0,-43,-29,-91,-83,-81,-85,-137,-92,-87,-77,-68,-70,-73,-54,-65,-64,-100,-100,-108,-86,-99,-87,-102,-97,-188,-98,-84,-3,-39,0,-277,-139]} 1. f4 d5 2. Nf3 c6 3. c4 Nf6 4. cxd5 cxd5 5. d4 e6 6. Nc3 {[#] A03: Bird's Opening with 1...d5.} Be7 $146 ({Predecessor:} 6... Nc6 7. e3 a6 8. Bd3 Bd6 9. O-O O-O 10. Ne5 g6 11. a3 Nd7 12. Qg4 h5 {1-0 (23) Khatukhira,B (1588)-Namaganda,S Kampala 2018}) 7. e3 O-O 8. Bd3 {The position is equal.} a6 9. Bd2 b5 10. a3 Bb7 11. Rc1 Nc6 {[%cal Bb8c6,Bc6a5,Ba5c4][%mdl 32]} 12. O-O Rc8 13. h3 Na5 14. g4 (14. Qe2 $11 {remains equal.}) 14... Nc4 $17 15. Bxc4 dxc4 16. Ne5 (16. Qe2 $142) 16... Nd5 17. Nxd5 Qxd5 {[%csl Gb7][%cal Rd5g2] [#]} 18. Qf3 f6 19. Qxd5 Bxd5 20. Nf3 Ra8 21. Rce1 a5 22. e4 Bc6 23. f5 exf5 24. gxf5 b4 25. e5 (25. d5 $17 Bd7 26. axb4 axb4 27. e5 fxe5 28. Nxe5 Bxf5 29. Nxc4 Bxh3 30. Rxf8+ Bxf8 31. d6) 25... fxe5 (25... bxa3 $19 26. bxa3 Rfb8) 26. Nxe5 {[#]} Bd5 (26... Bb5 $1 $17 {And now ...c3! would win.} 27. Rf3 Rad8) 27. axb4 (27. Nd7 $5 {[%cal Re1e7]} Rf7 28. Ne5 $11) 27... axb4 {Hoping for ...Ra2.} 28. Bf4 $2 {[%mdl 8192]} (28. Nd7 $1 $11 {and White is okay.} Rf7 29. Ne5) 28... Ra2 {Accuracy: White = 55%, Black = 67%.} (28... Rxf5 $19 29. Ng4 Bf6 30. Nxf6+ Rxf6) 0-1

[Event "Stay Safe Play From Home 235"]
[Site "Emanuel Lasker Arena"]
[Date "2020.06.18"]
[Round "8"]
[White "Mepe_Nika"]
[Black "Souchov"]
[Result "1-0"]
[WhiteElo "2361"]
[BlackElo "1774"]
[Annotator "TA"]
[PlyCount "111"]
[EventDate "2020.06.18"]
[EventType "swiss (blitz)"]

{[%evp 9,111,0,11,-21,0,0,0,-31,0,0,0,-67,134,145,197,197,197,152,152,143,160,61,70,60,100,101,118,96,94,93,93,91,95,91,90,90,128,121,126,105,109,93,93,93,98,98,100,86,86,0,93,93,106,104,521,494,706,391,831,693,1041,995,2234,2131,2548,2392,29975,12352,29986,29987,29987,29988,29985,29986,29987,29988,29989,29988,29990,29991,29991,29991,29991,29992,29992,29992,29992,29993,29993,29994,29996,29996,29996,29997,29997,29995,29995,29996,29996,29997,29997,29998,29998,29999]} 1. d4 Nf6 2. Bf4 g6 3. Nc3 {[%cal Bb1c3,Bc3b5,Bb5c7][%mdl 32]} d5 4. e3 Bg7 5. h4 O-O 6. Be2 {A45: Trompowsky Attack.} h5 7. Nf3 c5 8. Nb5 {The position is equal.} Nc6 9. Nc7 {[#]} Rb8 $146 ({Predecessor:} 9... e5 10. dxe5 Qxc7 11. exf6 Qa5+ 12. c3 Bxf6 13. O-O Qd8 14. Bg5 Be6 15. Qa4 Re8 {1-0 (48) Burcu,C (2301)-Bick,G (2416) Fagernes 2018}) 10. c3 (10. Nb5 $11) 10... e5 $2 (10... Ne4 $15 {keeps the upper hand.} 11. Nb5 Ra8) 11. dxe5 $16 Ne4 (11... Ng4 $16) 12. Qxd5 Qxc7 13. Qxe4 {[#] aiming for e6.} Bf5 14. Qa4 {And now e6! would win.} b5 15. Qd1 (15. Bxb5 $16 Nxe5 16. O-O-O) 15... Rbd8 16. Qc1 Qb6 17. O-O Rfe8 18. Rd1 (18. a4 {seems wilder.} bxa4 19. Rxa4 Nxe5 20. Bxe5 Bxe5 21. Nxe5 Rxe5 22. Ra6) 18... Rxd1+ 19. Qxd1 Nxe5 20. Nxe5 Bxe5 21. Bxe5 Rxe5 22. Bf3 Be4 23. Bxe4 Rxe4 {[%mdl 4096] Endgame KQR-KQR} 24. g3 Re6 25. Qf3 Rd6 26. Rd1 Qd8 27. Rxd6 Qxd6 {KQ-KQ} 28. Kg2 a6 29. Qe2 ({White should play} 29. Qa8+ $16 Kg7 30. Qe4) 29... c4 (29... Qd5+ $11 30. e4 Qxa2) 30. e4 Qe5 31. Qe3 Kg7 $2 {[%mdl 8192] [#] This move loses the game for Black.} (31... Qe6 $16 {is a better chance.}) 32. Qd4 $18 Kf6 (32... Qxd4 $142 33. cxd4 Kf6) 33. Qxe5+ Kxe5 {KP-KP} 34. Kf3 a5 35. Ke3 b4 36. f4+ Kd6 37. Kd4 b3 38. a4 f5 39. e5+ {White mates.} Ke6 40. Kxc4 Ke7 41. Kxb3 Ke6 42. Kc4 Kd7 43. b4 Ke6 44. bxa5 g5 45. hxg5 h4 46. gxh4 Kf7 47. a6 Kg6 48. a7 Kh5 49. a8=Q Kg6 50. Qh8 Kf7 51. Qh7+ Ke6 52. Qg6+ Kd7 53. Qd6+ Ke8 54. Qc7 Kf8 55. e6 {[%csl Ge6][%cal Rc7f7]} Ke8 56. Qd7+ {Accuracy: White = 82%, Black = 45%.} 1-0